| 000 | 00453nam a2200181 i 4500 | ||
|---|---|---|---|
| 001 | bg | ||
| 100 | 1 | _aGRZEGORCZYK, Andrzej | |
| 245 | 0 |
_aFilozofia czasu próby / _cA. Grzegorczyk. |
|
| 250 | _aWyd. 2 popr. | ||
| 260 |
_aWarszawa : _b"PAX", _c1984. |
||
| 300 |
_a240, [4] s. : _bportr. ; _c20 cm. |
||
| 650 | 9 |
_aFilozofia _xzagadnienia |
|
| 040 | _cBPK | ||
| 041 | _apol | ||
| 080 | _a1 | ||
| 942 | _cKS | ||
| 008 | s pl f |000 0 pol | ||
| 999 |
_c28185 _d28185 |
||
| 856 |
_uhttp://koha.tu.koszalin.pl/cgi-bin/koha/opac-detail.pl?biblionumber=28185 _yKatalog online BPK |
||